Asimptotičeskaja magistral'naja optimizacija upravljajemych sistem

Gespeichert in:
Bibliographische Detailangaben
1. Verfasser: Panasjuk, Aleksandr Ivanovič
Weitere Verfasser: Panasjuk, Viktor Ivanovič
Format: Buch
Sprache:Russisch
Veröffentlicht: Minsk Nauka i technika 1986
Ausgabe:1. izd.
Tags: Tag hinzufügen
Keine Tags, Fügen Sie das erste Tag hinzu!

MARC

LEADER 00000nam a2200000 4500
001 c032656
005 20221220071036.4
041 0 |a rus 
044 |a BY 
245 1 0 |a Asimptotičeskaja magistral'naja optimizacija upravljajemych sistem  |c Aleksandr Ivanovič Panasjuk, Viktor Ivanovič Panasjuk 
250 |a 1. izd. 
264 1 |a Minsk  |b Nauka i technika  |c 1986 
300 |a 295 s. 
100 1 |a Panasjuk, Aleksandr Ivanovič 
700 1 |a Panasjuk, Viktor Ivanovič